[Event "Eq:Angels of Checkmate-Slap Shot Mates : "]
[Site "www.chess-mail.com"]
[Date "2015.07.20"]
[Round "1"]
[White "Pgcbies"]
[Black "Tatar"]
[WhiteElo "2760"]
[BlackElo "2740"]
[Result "1/2-1/2"]
[Round "1"]
1.e4 e5
2.Ng1f3 Nb8c6
3.Bf1b5 g6
4.c3 Ng8e7
5.O-O a6
6.Bb5a4 Bf8g7
7.d4 exd4
8.cxd4 b5
9.Ba4c2 O-O
10.d5 Nc6a5
11.Bc1d2 Na5c4
12.Bd2c3 Nc4xb2
13.Qd1c1 Nb2c4
14.Bc3xg7 Kxg7
15.a4 c6
16.axb5 cxb5
17.Bc2b3 Nc4b6
18.Nb1d2 f6
19.Nf3d4 Bc8b7
20.Qc1c3 Ra8c8
21.Qc3g3 Kh8
22.h3 Ne7g8
23.Rf1c1 Ng8h6
24.h4 Nh6f7
25.h5 gxh5
26.Nd4f5 Rf8g8
27.Qg3h4 { draw }
1/2-1/2

[Event "Eq:Angels of Checkmate-Slap Shot Mates : "]
[Site "www.chess-mail.com"]
[Date "2015.07.20"]
[Round "1"]
[White "Tatar"]
[Black "Pgcbies"]
[WhiteElo "2740"]
[BlackElo "2760"]
[Result "1/2-1/2"]
[Round "1"]
1.Ng1f3 Ng8f6
2.g3 b5
3.Bf1g2 Bc8b7
4.O-O e6
5.d3 Bf8e7
6.e4 d6
7.Nb1a3 a6
8.c4 O-O
9.cxb5 d5
10.exd5 Bb7xd5
11.bxa6 Be7xa3
12.bxa3 Ra8xa6
13.Rf1e1 h6
14.Bc1b2 Nb8d7
15.Ra1c1 Qd8b8
16.Rc1c2 Qb8b7
17.Nf3h4 Rf8b8
18.Bg2xd5 Nf6xd5
19.Nh4f3 Ra6b6
20.Bb2d4 Rb6a6
21.Qd1c1 Qb7a8
22.Bd4b2 Ra6b6
23.Qc1d2 Qa8b7
24.Nf3e5 Nd7xe5
25.Bb2xe5 Qb7a6
{ draw }
1/2-1/2

[Event "Eq:Angels of Checkmate-Slap Shot Mates : "]
[Site "www.chess-mail.com"]
[Date "2015.07.20"]
[Round "1"]
[White "Cobraxx7"]
[Black "Mustaphly"]
[WhiteElo "2690"]
[BlackElo "2670"]
[Result "0-1"]
[Round "1"]
1.e4 c5
2.Ng1f3 d6
3.Bf1b5 Bc8d7
4.Bb5xd7 Qd8xd7
5.O-O Nb8c6
6.b3 Ng8f6
7.Rf1e1 e6
8.Bc1b2 Bf8e7
9.c4 O-O
10.d4 cxd4
11.Nf3xd4 a6
12.Qd1e2 Nc6xd4
13.Bb2xd4 Ra8c8
14.Nb1d2 Qd7c6
15.Ra1c1 Rf8d8
16.Bd4b2 Nf6d7
17.h3 b6
18.Nd2f3 Qc6b7
19.Bb2c3 Nd7c5
20.Rc1d1 Rd8d7
21.Bc3b2 h6
22.e5 d5
23.cxd5 Rd7xd5
24.Rd1xd5 Qb7xd5
 { time }
0-1

[Event "Eq:Angels of Checkmate-Slap Shot Mates : "]
[Site "www.chess-mail.com"]
[Date "2015.07.20"]
[Round "1"]
[White "Mustaphly"]
[Black "Cobraxx7"]
[WhiteElo "2670"]
[BlackElo "2690"]
[Result "1-0"]
[Round "1"]
1.d4 Ng8f6
2.Ng1f3 d5
3.c4 e6
4.Nb1c3 Bf8e7
5.Bc1g5 O-O
6.e3 h6
7.Bg5h4 b6
8.cxd5 Nf6xd5
9.Bh4xe7 Qd8xe7
10.Nc3xd5 exd5
11.Ra1c1 Bc8e6
12.Qd1a4 Rf8c8
13.Bf1d3 c5
14.Qa4a3 Nb8d7
15.O-O Be6g4
16.Bd3e2 Nd7f6
17.Be2a6 Rc8c7
18.Nf3e5 Bg4f5
19.Rf1e1 Ra8d8
20.Ba6b5 Rd8c8
21.f3 a5
22.Bb5a6 Rc8d8
23.Ba6f1 Nf6d7
24.Ne5d3  { time }
1-0

[Event "Eq:Angels of Checkmate-Slap Shot Mates : "]
[Site "www.chess-mail.com"]
[Date "2015.07.20"]
[Round "1"]
[White "Haukia"]
[Black "Witpar"]
[WhiteElo "2210"]
[BlackElo "2640"]
[Result "1/2-1/2"]
[Round "1"]
1.e4 c5
2.Ng1f3 e6
3.d4 cxd4
4.Nf3xd4 Ng8f6
5.Nb1c3 d6
6.Bf1e2 Bf8e7
7.O-O O-O
8.f4 Nb8c6
9.Bc1e3 Bc8d7
10.Nd4b3 a6
11.a4 b6
12.Be2f3 Ra8b8
13.Qd1e2 Qd8c8
14.Be3f2 e5
15.Nc3d5 exf4
16.Nd5xf4 Nc6e5
17.Nb3d4 Be7d8
18.Qe2d2 Rf8e8
19.Rf1e1 b5
20.axb5 axb5
21.Kh1 b4
22.Nf4d3 Ne5c4
23.Qd2f4 Bd8b6
24.Ra1d1 h6
25.Re1f1 Nc4e5
26.Nd3xb4 Ne5g6
27.Qf4g3 Nf6xe4
28.Bf3xe4 Re8xe4
29.Nb4d5 Bb6c5
30.b3 Qc8b7
31.c4 Re4g4
32.Qg3c3 Ng6f4
33.Nd5xf4 Rg4xf4
34.Bf2g1 Rf4g4
35.Qc3f3 Qb7xf3
36.Rf1xf3 Rg4e4
37.h3 f6
38.Kh2 Kf7
39.Rf3d3 { draw }
1/2-1/2

[Event "Eq:Angels of Checkmate-Slap Shot Mates : "]
[Site "www.chess-mail.com"]
[Date "2015.07.20"]
[Round "1"]
[White "Witpar"]
[Black "Haukia"]
[WhiteElo "2640"]
[BlackElo "2210"]
[Result "1-0"]
[Round "1"]
1.d4 d5
2.c4 c6
3.Ng1f3 Ng8f6
4.Nb1c3 a6
5.e3 b5
6.b3 Bc8g4
7.Bf1e2 e6
8.O-O Nb8d7
9.h3 Bg4h5
10.Bc1b2 Bf8e7
11.Nf3e5 Bh5xe2
12.Nc3xe2 Nd7xe5
13.dxe5 Nf6d7
14.cxd5 cxd5
15.Ne2f4 O-O
16.Qd1g4 Ra8c8
17.Ra1c1 Kh8
18.Rf1d1 Rc8xc1
19.Rd1xc1 Rf8e8
20.Rc1c6 Qd8a8
21.Rc6c7 Nd7f8
22.Qg4e2 Kg8
23.Qe2c2 Be7d8
24.Rc7c8 Qa8b7
25.Bb2d4 b4
26.Qc2c6 Qb7xc6
27.Rc8xc6 a5
28.Nf4d3 Nf8d7
29.f4 Kf8
30.Kf2 Ke7
31.Kf3 Nd7b8
32.Rc6c8 Nb8d7
33.g4 g6
34.Rc8c1 { resign }
1-0

[Event "Eq:Angels of Checkmate-Slap Shot Mates : "]
[Site "www.chess-mail.com"]
[Date "2015.07.20"]
[Round "1"]
[White "Generalfree"]
[Black "Leswamp"]
[WhiteElo "1800"]
[BlackElo "2410"]
[Result "1-0"]
[Round "1"]
1.e4 c5
2.Ng1f3 d6
3.Bf1b5 Bc8d7
4.Bb5xd7 Qd8xd7
5.c3 Ng8f6
6.e5 dxe5
7.Nf3xe5 Qd7d5
8.Ne5f3 e5
9.O-O e4
10.Rf1e1 Bf8e7
11.Qd1e2 Nb8c6
12.Nf3h4 g5
13.c4 Qd5d7
14.Nb1c3 O-O-O
15.Nc3xe4  { time }
1-0

[Event "Eq:Clubul Central de Sah-BEAC Hungary : "]
[Site "www.chess-mail.com"]
[Date "2015.07.20"]
[Round "1"]
[White "Dorulristea"]
[Black "Stevefillion"]
[WhiteElo "2860"]
[BlackElo "2310"]
[Result "1-0"]
[Round "1"]
1.e4 c5
2.Ng1f3 e6
3.d4 cxd4
4.Nf3xd4 Nb8c6
5.Nb1c3 a6
6.Bf1e2 Qd8c7
7.O-O Ng8f6
8.Bc1e3 Bf8e7
9.f4 d6
10.Qd1e1 O-O
11.a3 Bc8d7
12.Ra1d1 Nc6xd4
13.Be3xd4 Bd7c6
14.Qe1g3 b5
15.Be2f3 a5
16.e5 dxe5
17.fxe5 Nf6d7
18.Nc3e4 Bc6xe4
19.Bf3xe4 Ra8b8
20.c3 b4
21.axb4 axb4
22.Rd1c1 Rb8c8
23.Qg3e3 Qc7b8
24.Rc1e1 bxc3
25.bxc3 Qb8c7
26.Kh1 Rc8b8
27.Rf1f3 Nd7c5
28.Be4c2 Rb8b2
29.Rf3f2 Rf8b8
30.Re1f1 Be7f8
31.Qe3h3 h6
32.Rf2xf7 Qc7xf7
33.Rf1xf7 Kxf7
34.Qh3h5 Kg8
35.Qh5g6 Rb2xc2
36.Qg6xc2  { time }
1-0

[Event "Eq:Clubul Central de Sah-BEAC Hungary : "]
[Site "www.chess-mail.com"]
[Date "2015.07.20"]
[Round "1"]
[White "Stevefillion"]
[Black "Dorulristea"]
[WhiteElo "2310"]
[BlackElo "2860"]
[Result "0-1"]
[Round "1"]
1.e4 e5
2.Ng1f3 Nb8c6
3.Bf1b5 a6
4.Bb5a4 Ng8f6
5.O-O Bf8e7
6.Qd1e2 b5
7.Ba4b3 O-O
8.a4 b4
9.a5 d6
10.d3 Nc6a7
11.Nb1d2 c5
12.Bb3c4 Na7c6
13.Nd2b3 Bc8e6
14.Bc4xe6 fxe6
15.Bc1e3 Qd8e8
16.Nf3d2 Qe8g6
17.h3 Ra8c8
18.Nd2c4 Rf8f7
19.Nc4b6 Rc8f8
20.Be3d2 Be7d8
21.Nb6c4 Bd8c7
22.Nc4e3 Nc6d4
23.Nb3xd4 exd4
24.Ne3g4 Nf6h5
25.g3 b3
26.cxb3 Rf7f3
27.Kg2 d5
28.Qe2xf3 Rf8xf3
29.Kxf3 Qg6e8
30.e5 Qe8b5
31.Ke2 Qb5xb3
32.Ra1a3 Qb3xb2
33.Ra3a1 c4
34.Rf1d1 Qb2c2
{ resign }
0-1

[Event "Eq:Clubul Central de Sah-BEAC Hungary : "]
[Site "www.chess-mail.com"]
[Date "2015.07.20"]
[Round "1"]
[White "Pispindroi"]
[Black "Odin"]
[WhiteElo "2750"]
[BlackElo "1860"]
[Result "1-0"]
[Round "1"]
1.d4 d5
2.c4 c6
3.Ng1f3 Nb8d7
4.cxd5 cxd5
5.Nb1c3 e6
6.Bc1f4 Ng8f6
7.Ra1c1 a6
8.e3 Bf8b4
9.Bf1d3 O-O
10.O-O h6
11.Nc3a4 Bb4a5
12.Bf4d6 Rf8e8
13.b4 Ba5b6
14.Qd1b3 Nf6e4
15.Na4xb6 Nd7xb6
16.Bd6c7 Qd8f6
17.Bc7xb6 Bc8d7
18.Rc1c7 Bd7b5
19.Rc7xb7 Ra8b8
20.Rb7xb8 Re8xb8
21.Bb6c5 g5
22.a4 g4
23.axb5 gxf3
24.bxa6 fxg2
25.Kxg2 Ne4d2
26.Qb3d1 Nd2e4
27.Bd3xe4 dxe4
28.a7 Rb8a8
29.Kh1 Kh7
30.b5 Qf6d8
31.b6 Qd8c8
32.Rf1g1 Qc8b7
33.Qd1g4 f5
34.Qg4g6 Kh8
35.Qg6xh6 Qb7h7
36.Qh6f6 { resign }
1-0

[Event "Eq:Clubul Central de Sah-BEAC Hungary : "]
[Site "www.chess-mail.com"]
[Date "2015.07.20"]
[Round "1"]
[White "Odin"]
[Black "Pispindroi"]
[WhiteElo "1860"]
[BlackElo "2750"]
[Result "0-1"]
[Round "1"]
1.d4 Ng8f6
2.c4 g6
3.Nb1c3 d5
4.Ng1f3 Bf8g7
5.Bc1f4 O-O
6.e3 c5
7.Qd1b3 cxd4
8.Nf3xd4 Nb8c6
9.Nc3b5 e5
10.Nd4xc6 bxc6
11.Bf4xe5 cxb5
12.cxd5 Nf6xd5
13.Be5xg7 Kxg7
14.Ra1d1 Bc8e6
15.Qb3xb5 Ra8b8
16.Qb5c5 Qd8f6
17.Bf1c4 Nd5c3
18.Rd1c1 Rf8c8
19.Qc5d4 Qf6xd4
20.exd4 Nc3xa2
21.Rc1c2 Rc8xc4
22.Kd2 Rc4xd4
23.Ke3 Rb8d8
24.f3 Na2b4
25.Rc2c7 Rd4d2
26.Rc7xa7 Rd8d4
27.f4 Rd4d3
28.Ke4 Rd2e2

0-1

[Event "Eq:CONFOEDERATIONIS HELVETICAE-Equipo Juan Diaz : "]
[Site "www.chess-mail.com"]
[Date "2015.07.20"]
[Round "1"]
[White "Fanny33"]
[Black "Ecijaajedrez"]
[WhiteElo "2760"]
[BlackElo "2600"]
[Result "1-0"]
[Round "1"]
1.e4 c5
2.Nb1c3 Nb8c6
3.g3 d6
4.Bf1g2 e6
5.d3 Ng8f6
6.f4 a6
7.Ng1f3 Bf8e7
8.O-O O-O
9.h3 Qd8c7
10.g4 h6
11.g5 hxg5
12.fxg5 Nf6d7
13.h4 Nd7e5
14.Nf3xe5 Nc6xe5
15.Qd1e1 Ne5c6
16.Qe1g3 Nc6d4
17.Rf1f2 f5
18.Bc1e3 a5
19.Ra1f1 Bc8d7
20.Be3xd4 cxd4
21.Nc3d5 exd5
22.exf5 Bd7c6
23.f6 { time. }
1-0

[Event "Eq:CONFOEDERATIONIS HELVETICAE-Equipo Juan Diaz : "]
[Site "www.chess-mail.com"]
[Date "2015.07.20"]
[Round "1"]
[White "Ecijaajedrez"]
[Black "Fanny33"]
[WhiteElo "2600"]
[BlackElo "2760"]
[Result "0-1"]
[Round "1"]
1.d4 f5
2.e4 fxe4
3.Nb1c3 Ng8f6
4.Bc1g5 Nb8c6
5.d5 Nc6e5
6.Qd1d4 Ne5f7
7.Bg5xf6 exf6
8.Nc3xe4 Bf8e7
9.O-O-O O-O
10.f4 f5
11.Ne4g3 Be7f6
12.Qd4d2 g6
13.Ng1f3 b5
14.Kb1 c5
15.h4 h5
16.Bf1d3 Bf6h8
17.Rh1e1 Qd8f6
18.c3 Ra8b8
19.Qd2c2 d6
20.Rd1d2 a5
21.Re1e3 Bc8d7
22.Nf3g5 b4
23.c4 Nf7xg5
24.hxg5 { time. }
0-1

[Event "Eq:CONFOEDERATIONIS HELVETICAE-Equipo Juan Diaz : "]
[Site "www.chess-mail.com"]
[Date "2015.07.20"]
[Round "1"]
[White "Etekrik"]
[Black "Gallows"]
[WhiteElo "2240"]
[BlackElo "2460"]
[Result "0-1"]
[Round "1"]
1.d4 d5
2.c4 e6
3.Nb1c3 Ng8f6
4.cxd5 exd5
5.Bc1g5 c6
6.e3 h6
7.Bg5h4 Bf8e7
8.Bf1d3 O-O
9.Qd1c2 Rf8e8
10.Ng1f3 Nb8d7
11.O-O Nd7f8
12.Bh4xf6 Be7xf6
13.b4 Bc8g4
14.Nf3d2 Qd8d6
15.b5 c5
16.dxc5 Qd6xc5
17.Rf1c1 Re8c8
{ time. }
0-1

[Event "Eq:CONFOEDERATIONIS HELVETICAE-Equipo Juan Diaz : "]
[Site "www.chess-mail.com"]
[Date "2015.07.20"]
[Round "1"]
[White "Bigrezi"]
[Black "Naujzaid"]
[WhiteElo "1720"]
[BlackElo "2150"]
[Result "1-0"]
[Round "1"]
1.e4 c5
2.Bf1c4 d6
3.Nb1c3 e6
4.Ng1f3 Ng8f6
5.d4 cxd4
6.Nf3xd4 a6
7.a3 Qd8c7
8.Bc4b3 Nb8c6
9.Bc1e3 Bf8e7
10.O-O O-O
11.Qd1d2 Nc6xd4
12.Be3xd4 b5
13.Ra1d1 Rf8d8
14.Nc3e2 Nf6xe4
15.Qd2e3 Ne4c5
16.Bb3a2 Bc8b7
17.Qe3g3 g6
18.f4 Nc5e4
19.Qg3h3  { time }
1-0

[Event "Eq:Slap Shot Mates-Los Tercios : "]
[Site "www.chess-mail.com"]
[Date "2015.07.20"]
[Round "1"]
[White "Tatar"]
[Black "Gorgo"]
[WhiteElo "2740"]
[BlackElo "2400"]
[Result "1-0"]
[Round "1"]
1.Ng1f3 d5
2.g3 Ng8f6
3.Bf1g2 c6
4.O-O Bc8g4
5.c4 e6
6.d3 Nb8d7
7.cxd5 cxd5
8.Nb1c3 Bf8c5
9.Qd1b3 Qd8b6
10.Qb3xb6 Bc5xb6
11.Bc1f4 Ke7
12.Ra1c1 Rh8c8
13.h3 Bg4xf3
14.Bg2xf3 h6
15.Bf4d2 Nd7e5
16.Bf3g2 Ne5c6
17.Rf1d1 d4
18.Nc3a4 Nf6d5
19.Rc1c4 Rc8d8
20.Rd1c1 g5
21.b4 Nc6e5
22.Rc4c2 Kf6
23.Na4c5 Bb6xc5
24.Rc2xc5 Ne5g6
25.Bg2xd5 Rd8xd5
26.Rc5xd5 exd5
27.Rc1c7 Ra8e8
28.Kf1 Re8e7
29.Rc7c8 a6
30.a4 Re7d7
31.b5 axb5
32.axb5 Ng6e7
33.Rc8b8  { time }
1-0

[Event "Eq:Slap Shot Mates-Los Tercios : "]
[Site "www.chess-mail.com"]
[Date "2015.07.20"]
[Round "1"]
[White "Gorgo"]
[Black "Tatar"]
[WhiteElo "2400"]
[BlackElo "2740"]
[Result "0-1"]
[Round "1"]
1.c4 g6
2.d4 Bf8g7
3.Nb1c3 Ng8f6
4.e4 d6
5.Ng1f3 O-O
6.Bf1e2 e5
7.O-O Nb8c6
8.d5 Nc6e7
9.b4 a5
10.Bc1a3 axb4
11.Ba3xb4 b6
12.a4 Rf8e8
13.Rf1e1 Bg7f8
14.Qd1c1 c5
15.Bb4a3 Bf8g7
16.Ra1b1 Re8f8
17.Qc1c2 Nf6e8
18.Ba3c1 Bc8d7
19.h3 h6
20.Nf3d2 f5
21.Be2d1 f4
22.Bd1g4 Bd7xg4
23.hxg4 Ne8f6
24.f3 h5
25.gxh5 Nf6xh5
26.Nd2f1 Bg7f6
27.Nf1h2 Bf6h4
28.Re1d1 Ne7c8
29.Nh2g4 Ra8a7
30.Ng4h6 Kh8
31.Nh6g4 Ra7h7
32.Nc3b5 Bh4g3
 { time }
0-1

[Event "Eq:Slap Shot Mates-Los Tercios : "]
[Site "www.chess-mail.com"]
[Date "2015.07.20"]
[Round "1"]
[White "Echo314"]
[Black "Karkaskat"]
[WhiteElo "2720"]
[BlackElo "2380"]
[Result "1-0"]
[Round "1"]
1.d4 Ng8f6
2.c4 g6
3.Nb1c3 d5
4.cxd5 Nf6xd5
5.e4 Nd5xc3
6.bxc3 Bf8g7
7.Bf1c4 c5
8.Ng1e2 O-O
9.O-O Nb8c6
10.Bc1e3 Bc8g4
11.f3 Nc6a5
12.Bc4xf7 Rf8xf7
13.fxg4 Rf7xf1
14.Kxf1 cxd4
15.cxd4 e5
16.Kg1 Na5c4
17.Qd1b3 Ra8c8
18.dxe5 Bg7xe5
19.Ra1c1 b5
20.Qb3xb5 Be5xh2
21.Kxh2 Nc4xe3
22.Rc1xc8 Qd8xc8
23.Qb5b3 Ne3c4
24.Ne2f4 Qc8c7
25.g3 Qc7f7
26.e5 Nc4b6
27.e6 Qf7e7
28.Qb3c3 Qe7g7
29.Qc3e3 Qg7b2
30.Kh3 Qb2b5
31.e7 Kf7
32.Qe3e6 Ke8
33.Qe6g8 Kxe7
34.Qg8xh7 { resign }
1-0

[Event "Eq:Slap Shot Mates-Los Tercios : "]
[Site "www.chess-mail.com"]
[Date "2015.07.20"]
[Round "1"]
[White "Sebolix"]
[Black "Lui"]
[WhiteElo "2670"]
[BlackElo "2330"]
[Result "1-0"]
[Round "1"]
1.Ng1f3 Ng8f6
2.g3 g6
3.Bf1g2 Bf8g7
4.O-O O-O
5.d4 d6
6.c4 Nb8d7
7.Nb1c3 e5
8.e4 exd4
9.Nf3xd4 Rf8e8
10.h3 a6
11.Rf1e1 Ra8b8
12.Ra1b1 Nd7e5
13.b3 c5
14.Nd4c2 Ne5c6
15.f4 Qd8c7
16.Bc1b2 Bc8d7
17.Nc3d5 Nf6xd5
18.cxd5 Nc6a7
19.Qd1c1 Bg7xb2
20.Qc1xb2 b5
21.Nc2e3 Na7c8
22.f5 h5
23.fxg6 fxg6
24.Qb2f6 Nc8e7
25.e5 dxe5
26.d6 Qc7b6
27.Ne3d5 Ne7xd5
28.Qf6xg6 Kh8
29.Qg6h6 Kg8
30.Bg2xd5 { resign }
1-0

[Event "Eq:Slap Shot Mates-Los Tercios : "]
[Site "www.chess-mail.com"]
[Date "2015.07.20"]
[Round "1"]
[White "Lui"]
[Black "Sebolix"]
[WhiteElo "2330"]
[BlackElo "2670"]
[Result "0-1"]
[Round "1"]
1.e4 e6
2.d4 d5
3.Nb1c3 Bf8b4
4.e5 Ng8e7
5.a3 Bb4xc3
6.bxc3 c5
7.Qd1g4 Ne7f5
8.Bf1d3 h5
9.Qg4f4 Qd8c7
10.Bc1d2 Nb8c6
11.Ng1f3 Nc6e7
12.Nf3h4 Nf5xh4
13.Qf4xh4 c4
14.Bd3e2 Ne7f5
15.Qh4h3 Bc8d7
16.g4 Nf5e7
17.gxh5 O-O-O
18.Rh1g1 Bd7a4
19.Bd2g5 Ba4xc2
20.Qh3h4 Qc7a5
21.Kd2 Ne7f5
22.Qh4f4 Bc2e4
23.Bg5xd8 Rh8xd8
24.f3 Nf5xd4
25.fxe4 Nd4b3
26.Kc2 d4
27.cxd4 Nb3xd4
28.Kd1 Nd4f3
29.Kc2 Rd8d2
30.Kc1 Qa5c3
{ resign }
0-1

[Event "Eq:Slap Shot Mates-Los Tercios : "]
[Site "www.chess-mail.com"]
[Date "2015.07.20"]
[Round "1"]
[White "Witpar"]
[Black "Vasylpuzanov"]
[WhiteElo "2650"]
[BlackElo "2190"]
[Result "1-0"]
[Round "1"]
1.d4 d5
2.c4 e6
3.Nb1c3 Ng8f6
4.cxd5 exd5
5.Bc1g5 Bf8e7
6.e3 O-O
7.Bf1d3 h6
8.Bg5h4 c6
9.Ng1e2 Nb8d7
10.Qd1c2 Rf8e8
11.f3 Qd8c7
12.Bh4f2 Nd7b6
13.O-O Be7d6
14.h3 Bc8d7
{ time. }
1-0

[Event "Eq:Slap Shot Mates-Los Tercios : "]
[Site "www.chess-mail.com"]
[Date "2015.07.20"]
[Round "1"]
[White "Vasylpuzanov"]
[Black "Witpar"]
[WhiteElo "2190"]
[BlackElo "2650"]
[Result "0-1"]
[Round "1"]
1.d4 Ng8f6
2.c4 g6
3.Nb1c3 Bf8g7
4.e4 d6
5.f4 O-O
6.Bf1d3 c5
7.d5 e6
8.Ng1f3 exd5
9.cxd5 Rf8e8
10.O-O c4
11.Bd3xc4 Nf6xe4
12.Nc3xe4 Re8xe4
13.Bc4d3 Re4e8
14.Kh1 Nb8a6
15.Bd3xa6 bxa6
16.Bc1d2 Bg7xb2
17.Ra1b1 Bb2f6
18.Rf1e1 Bc8f5
19.h3 Bf5xb1
{ resign }
0-1

[Event "Eq:Slap Shot Mates-Equipo Juan Diaz : "]
[Site "www.chess-mail.com"]
[Date "2015.07.20"]
[Round "1"]
[White "Mustaphly"]
[Black "Ecijaajedrez"]
[WhiteElo "2680"]
[BlackElo "2620"]
[Result "1-0"]
[Round "1"]
1.d4 d5
2.Ng1f3 Ng8f6
3.c4 e6
4.Nb1c3 Bf8e7
5.Bc1g5 O-O
6.e3 h6
7.Bg5h4 b6
8.Bf1d3 Bc8b7
9.O-O Nb8d7
10.Ra1c1 c5
11.Qd1e2 a6
12.cxd5 exd5
13.Nf3e5 Nd7xe5
{ time. }
1-0

[Event "Eq:Slap Shot Mates-Equipo Juan Diaz : "]
[Site "www.chess-mail.com"]
[Date "2015.07.20"]
[Round "1"]
[White "Ecijaajedrez"]
[Black "Mustaphly"]
[WhiteElo "2620"]
[BlackElo "2680"]
[Result "0-1"]
[Round "1"]
1.d4 Ng8f6
2.c4 e5
3.dxe5 Nf6g4
4.Ng1f3 Bf8c5
5.e3 Nb8c6
6.Bc1d2 Ng4xe5
7.Nf3xe5 Nc6xe5
8.Bd2c3 Qd8e7
9.Bf1e2 O-O
10.O-O d6
11.Bc3d4 Rf8e8
12.Bd4xc5 dxc5
13.Nb1c3 c6
{ time. }
0-1

[Event "Eq:Slap Shot Mates-Equipo Juan Diaz : "]
[Site "www.chess-mail.com"]
[Date "2015.07.20"]
[Round "1"]
[White "Astigitana"]
[Black "Jpmartinez"]
[WhiteElo "2460"]
[BlackElo "2560"]
[Result "0-1"]
[Round "1"]
1.d4 e6
2.c4 d5
3.Nb1c3 c6
4.cxd5 exd5
5.Ng1f3 Bc8f5
6.Bc1f4 Qd8b6
7.Qd1d2 Ng8f6
8.e3 Nf6e4
9.Qd2c1 Bf8d6
10.Nf3h4 Bf5e6
11.Bf4xd6 Ne4xd6
12.Bf1d3 Nb8d7
{ time. }
0-1

[Event "Eq:Slap Shot Mates-Equipo Juan Diaz : "]
[Site "www.chess-mail.com"]
[Date "2015.07.20"]
[Round "1"]
[White "Leswamp"]
[Black "Etekrik"]
[WhiteElo "2410"]
[BlackElo "2240"]
[Result "0-1"]
[Round "1"]
1.d4 d5
2.c4 e6
3.Ng1f3 Ng8f6
4.Nb1c3 Bf8e7
5.Bc1g5 O-O
6.e3 h6
7.Bg5xf6 Be7xf6
8.Ra1c1 c6
 { time }
0-1

[Event "Eq:Slap Shot Mates-Equipo Juan Diaz : "]
[Site "www.chess-mail.com"]
[Date "2015.07.20"]
[Round "1"]
[White "Geodad5"]
[Black "Naujzaid"]
[WhiteElo "2170"]
[BlackElo "2150"]
[Result "1-0"]
[Round "1"]
1.e4 c5
2.Ng1f3 d6
3.d4 cxd4
4.Nf3xd4 Ng8f6
5.Nb1c3 e6
6.Bf1e2 a6
7.O-O Bf8e7
8.Bc1e3 O-O
9.Qd1d2 b5
10.f3 Bc8b7
11.a3 Nb8c6
12.Ra1d1 Qd8c7
13.Nd4b3 Rf8d8
14.Qd2c1 b4
15.axb4 Nc6xb4
16.Rd1d2 d5
17.exd5 Nb4xd5
18.Be3f2 Nd5xc3
19.bxc3 Qc7xc3
20.Rd2xd8 Ra8xd8
21.Rf1d1 Rd8xd1
22.Qc1xd1 h6
23.Bf2d4 Qc3c7
{ time. }
1-0

[Event "Eq:Slap Shot Mates-Equipo Juan Diaz : "]
[Site "www.chess-mail.com"]
[Date "2015.07.20"]
[Round "1"]
[White "Naujzaid"]
[Black "Geodad5"]
[WhiteElo "2150"]
[BlackElo "2170"]
[Result "0-1"]
[Round "1"]
1.d4 d5
2.c4 e6
3.Nb1c3 Ng8f6
4.cxd5 exd5
5.Bc1g5 Bf8e7
6.e3 O-O
7.Bf1d3 c6
8.Qd1c2 h6
9.Bg5h4 b6
10.Ng1f3 Bc8b7
11.O-O Nb8d7
12.a3 Ra8c8
13.b4 Be7d6
14.Bh4g3 Bd6xg3
15.hxg3 c5
16.Bd3f5 cxd4
17.Nf3xd4 Qd8e7
18.Rf1c1 Nf6e4
19.Bf5xe4 dxe4
20.Qc2b3 Nd7e5
{ time. }
0-1

[Event "Eq:Angolana Scacchi-Cats in the rain : "]
[Site "www.chess-mail.com"]
[Date "2015.07.20"]
[Round "1"]
[White "Capitaine"]
[Black "T9l9"]
[WhiteElo "2340"]
[BlackElo "2340"]
[Result "1-0"]
[Round "1"]
1.c4 Ng8f6
2.Nb1c3 e5
3.g3 Bf8b4
4.Bf1g2 Bb4xc3
5.dxc3 h6
6.Ng1f3 Nb8c6
7.O-O O-O
8.Qd1c2 Qd8e7
9.e4 d6
10.a4 a5
11.b3 Kh7
12.Nf3h4 g6
13.Bc1e3 Bc8e6
14.Qc2d3 Nf6g8
15.Qd3d2 f5
16.f4 exf4
17.Be3xf4 Be6f7
18.exf5 g5
19.Nh4g6 Bf7xg6
20.fxg6 Kxg6
21.Ra1e1 Qe7d7
22.Bg2e4 Kg7
23.Bf4xg5 Ra8e8
24.Bg5xh6 Ng8xh6
25.Qd2g5 Kh8
26.Qg5xh6 Kg8
27.Be4d5 { resign }
1-0

[Event "Eq:Angolana Scacchi-Cats in the rain : "]
[Site "www.chess-mail.com"]
[Date "2015.07.20"]
[Round "1"]
[White "T9l9"]
[Black "Capitaine"]
[WhiteElo "2340"]
[BlackElo "2340"]
[Result "0-1"]
[Round "1"]
1.d4 Ng8f6
2.c4 c5
3.d5 b5
4.cxb5 a6
5.bxa6 Bc8xa6
6.Nb1c3 d6
7.e4 Ba6xf1
8.Kxf1 g6
9.Ng1f3 Bf8g7
10.g3 O-O
11.Kg2 Nb8d7
12.Qd1e2 Nf6g4
13.Bc1f4 Ng4e5
14.Nf3xe5 Nd7xe5
15.Nc3b5 Qd8d7
16.a4 Rf8b8
17.Bf4xe5 Bg7xe5
18.Rh1d1 Qd7b7
19.Ra1a3 Ra8a5
20.Rd1d2 Rb8a8
21.Qe2c4 g5
22.f3 Qb7d7
23.Rd2f2 Kh8
24.f4 gxf4
25.gxf4 Be5f6
26.h3 Bf6h4
27.Rf2e2 Ra5xa4
28.Ra3xa4 Ra8g8
{ resign }
0-1

[Event "Eq:Angolana Scacchi-Cats in the rain : "]
[Site "www.chess-mail.com"]
[Date "2015.07.20"]
[Round "1"]
[White "Pariolinius"]
[Black "Kooru"]
[WhiteElo "1870"]
[BlackElo "1670"]
[Result "1-0"]
[Round "1"]
1.e4 c6
2.c3 e5
3.Ng1f3 d6
4.d4 Ng8f6
5.Bc1g5 Nb8d7
6.Bf1d3 Qd8a5
7.O-O Bf8e7
8.Nb1d2 h6
9.Bg5h4 c5
10.d5 g5
11.Bh4g3 Nf6h5
12.Nd2b3 Qa5b6
13.Qd1c2 Nh5xg3
14.hxg3 g4
15.Nf3h4 Nd7f6
16.Nh4f5 Bc8xf5
17.exf5 Nf6xd5
18.Rf1e1 a5
19.a4 h5
20.Bd3b5 Kd8
21.Nb3d2 Rh8g8
22.Nd2e4 Be7g5
23.Ra1d1 h4
24.Ne4xg5 Rg8xg5
25.Rd1xd5 Ke7
26.gxh4 Rg5h5
27.g3 Kf6
28.Qc2e4 { resign }
1-0

[Event "Eq:Angolana Scacchi-Cats in the rain : "]
[Site "www.chess-mail.com"]
[Date "2015.07.20"]
[Round "1"]
[White "Kooru"]
[Black "Pariolinius"]
[WhiteElo "1670"]
[BlackElo "1870"]
[Result "0-1"]
[Round "1"]
1.e4 c5
2.Ng1f3 Nb8c6
3.d4 cxd4
4.Nf3xd4 e5
5.Nd4f3 Ng8f6
6.Nb1c3 Bf8d6
7.Bf1b5 O-O
8.O-O a6
9.Bb5xc6 dxc6
10.Bc1g5 Bc8g4
11.Qd1d3 Qd8e7
12.a3 Ra8d8
13.Qd3c4 Bg4e6
14.Qc4e2 b5
15.a4 Be6c4
16.Qe2e3 Bc4xf1
17.Kxf1 Bd6c5
18.Qe3e1 Rd8d7
19.axb5 axb5
20.Ra1a6 Rf8c8
21.Ra6a1 h6
22.Bg5d2 Nf6g4
23.Kg1 Bc5xf2
24.Qe1xf2 Ng4xf2
25.Kxf2 Qe7f6
26.Bd2e3 Rd7d8
27.Kg1 Rc8a8
28.Ra1b1 Qf6e7
{ resign }
0-1

[Event "Eq:Angolana Scacchi-Cats in the rain : "]
[Site "www.chess-mail.com"]
[Date "2015.07.20"]
[Round "1"]
[White "Battlejanson"]
[Black "Rodemund"]
[WhiteElo "1579"]
[BlackElo "1610"]
[Result "1-0"]
[Round "1"]
1.e4 e5
2.Bf1c4 Ng8f6
3.d3 h6
4.Ng1f3 Nb8c6
5.c3 a6
6.Nb1d2 b5
7.Bc4b3 d6
8.O-O Nc6a5
9.Bb3c2 Bc8d7
10.d4 Na5c6
11.d5 Nc6e7
12.Nf3h4 g6
13.f4 Bd7g4
14.Qd1e1 Nf6d7
15.h3 Bg4h5
16.f5 g5
17.Nh4f3 Nd7f6
18.Nd2b3 Bf8g7
19.g4 { time. }
1-0

[Event "Eq:Angolana Scacchi-Cats in the rain : "]
[Site "www.chess-mail.com"]
[Date "2015.07.20"]
[Round "1"]
[White "Rodemund"]
[Black "Battlejanson"]
[WhiteElo "1610"]
[BlackElo "1579"]
[Result "0-1"]
[Round "1"]
1.e4 c5
2.Nb1c3 d6
3.Ng1f3 Ng8f6
4.h3 g6
5.Bf1c4 Bf8g7
6.d3 a6
7.Bc1e3 b5
8.Bc4b3 Bc8b7
9.Nf3g5 O-O
10.Qd1f3 h6
11.Ng5xf7 Rf8xf7
12.Bb3xf7 Kxf7
13.Be3d2 Nb8d7
14.Qf3e2 Kg8
15.O-O-O b4
16.Nc3b1 a5
17.b3 a4
18.bxa4 Qd8a5
{ time. }
0-1

[Event "Eq:La Taverne-Los Tercios : "]
[Site "www.chess-mail.com"]
[Date "2015.07.20"]
[Round "1"]
[White "Gilliere"]
[Black "Churrasca"]
[WhiteElo "1800"]
[BlackElo "2070"]
[Result "0-1"]
[Round "1"]
1.e4 c5
2.Ng1f3 d6
3.Bf1b5 Bc8d7
4.Bb5xd7 Qd8xd7
5.d3 Nb8c6
6.Nb1c3 Ng8f6
7.O-O e6
8.b3 Bf8e7
9.Bc1b2 O-O
10.h3 d5
11.exd5 exd5
12.Rf1e1 d4
13.Nc3e4 Nf6xe4
14.Re1xe4 f5
15.Re4e1 Be7d8
16.Nf3e5 Nc6xe5
17.Re1xe5 Qd7d6
18.Re5e1 Bd8c7
19.g3 f4
20.Qd1g4 fxg3
21.fxg3 Qd6xg3
22.Qg4xg3 Bc7xg3
23.Re1e4 Rf8f2
24.Re4g4 Rf2xc2
25.Ra1b1 Bg3f2
26.Kf1 Ra8f8
{ resign }
0-1

[Event "Eq:La Taverne-Los Tercios : "]
[Site "www.chess-mail.com"]
[Date "2015.07.20"]
[Round "1"]
[White "Traub"]
[Black "Shihchuliao"]
[WhiteElo "1770"]
[BlackElo "2040"]
[Result "0-1"]
[Round "1"]
1.d4 e6
2.c4 d5
3.Nb1c3 Ng8f6
4.e3 c6
5.Bf1d3 Bf8b4
6.Qd1c2 Nb8d7
7.Bc1d2 h6
8.Ng1e2 dxc4
9.Bd3xc4 b5
10.Bc4d3 Bc8b7
11.Nc3e4 Bb4xd2
12.Ne4xd2 e5
13.O-O-O a6
14.Nd2b3 Qd8b6
15.Nb3c5 exd4
16.exd4 Nd7xc5
17.dxc5 { time. }
0-1